| 000 -ლიდერი |
| ფიქსირებული სიგრძის საკონტროლო ველი |
00840nam a2200217Ia 4500 |
| 001 - საკონტროლო ნომერი |
| საკონტროლო ველი |
19994 |
| 003 - საკონტროლო ნომრის იდენტიფიკატორი |
| საკონტროლო ველი |
GE_BSU |
| 005 - ბოლო ოპერაციის თარიღი და დრო |
| საკონტროლო ველი |
20250314170039.0 |
| 008 - ფიქსირებული სიგრძის მონაცემთა ელემენტები - ზოგადი ინფორმაცია |
| ფიქსირებული სიგრძის საკონტროლო ველი |
181216s? ||||ru |||||||||||||| ||rus|| |
| 020 ## - წიგნის საერთაშორისო სტანდარტული ნომერი |
| International Standard Book Number |
ISBN 99928-28-21-8 |
| 040 ## - კატალოგიზაციის წყარო |
| Transcribing agency |
GE_BSU |
| 041 ## - ენის კოდი |
| Language code of text/sound track or separate title |
geo |
| 080 ## - უნივერსალური ათობითი კლასიფიკაციის ინდექსი |
| Universal Decimal Classification number |
81'374.822=161=353.1 Р-89 |
| 245 ## - ცნობა სათაურის შესახებ |
| Title |
Русско-грузинский словарь=რუსულ-ქართული ლექსიკონი / |
| Statement of responsibility, etc |
Составитель : М. В. Канкавa ; Ред. : А. Давитиани. |
| 250 ## - გამოცემის ცნობა |
| Edition statement |
Второе изд. |
| 264 ## - წარმოების, გამოცემის, დისტრიბუციის და სხვა ცნობები |
| გამოცემის, წარმოების, დისტრიბუციის... ადგილი |
Тбилиси : |
| გამოცემის, წარმოების, დისტრიბუციის... სახელწოდება |
Сакартвелос мацне, |
| გამოცემის, წარმოების, დისტრიბუციის... თარიღი |
?. |
| 300 ## - ფიზიკური აღწერა |
| Extent |
578 стр. ; |
| Dimensions |
17 см. |
| 653 ## - INDEX TERM--UNCONTROLLED |
| Uncontrolled term |
Русско-грузинский словарь=რუსულ-ქართული ლექსიკონი |
| 942 ## - ADDED ENTRY ELEMENTS (KOHA) |
| Koha item type |
წიგნი |
| Source of classification or shelving scheme |
|